000 00492 a2200157 4500
005 20250623075758.0
020 _a0-273-77975-3
082 _a658.049WIL
100 _aWild J. John
245 _aInternational Business,: The Challenge of Globalization
250 _a6th Ed
260 _aNew York,
_bBritish Library Cataloging-In- Publication Data
_c2013
300 _a462p,:illl, table, figure, picture,
_bEndnotes,Glossary, Index,
_c27cm.
700 _aWild L. K.,Varma S.
942 _2ddc
_cBKS
999 _c4599
_d4599